Diccionario Moderno Alemán : Español - Alemán, Alemán-Español (Con la nueva ortografía alemana) / Oceano Langenscheidt
Gespeichert in:
| Format: | Buch |
|---|---|
| Sprache: | Undetermined |
| Veröffentlicht: |
Barcelona, España
Oceano Langenscheidt
1999
|
| Schlagworte: | |
| Tags: |
Tag hinzufügen
Keine Tags, Fügen Sie den ersten Tag hinzu!
|
MARC
| LEADER | 00000nam a2200000Ia 4500 | ||
|---|---|---|---|
| 008 | 170316s9999 xx 000 0 und d | ||
| 040 | |a cru BVZT | ||
| 090 | |a REF | ||
| 245 | |a Diccionario Moderno Alemán : Español - Alemán, Alemán-Español (Con la nueva ortografía alemana) / Oceano Langenscheidt | ||
| 260 | |a Barcelona, España | ||
| 260 | |b Oceano Langenscheidt | ||
| 260 | |c 1999 | ||
| 300 | |a 1054 páginas | ||
| 650 | |a REFERENCIA | ||
| 650 | |a DICCIONARIO ESPAÑOL ALEMÁN Y ALEMÁN ESPAÑOL | ||
| 942 | |c REF | ||
| 999 | |c 15063 |d 15063 | ||
